AFL Brownlow Medallists since 2000 - Statistics

General Stats
  • This quiz has been taken 90 times
    13 since last reset
  • The average score is 24 of 29
Answer Stats
Year Club Answer % Correct
2010 Carlton Chris Judd
100%
2004 West Coast Chris Judd
100%
2023 Brisbane Lachie Neale
100%
2020 Brisbane Lachie Neale
100%
2017 Richmond Dustin Martin
92%
2013 Gold Coast Gary Ablett Jr
92%
2009 Geelong Gary Ablett Jr
92%
2025 Gold Coast Matt Rowell
92%
2019 Fremantle Nat Fyfe
92%
2015 Fremantle Nat Fyfe
92%
2024 Carlton Patrick Cripps
92%
2022 Carlton Patrick Cripps
92%
2016 Geelong Patrick Dangerfield
92%
2008 Western Bulldogs Adam Cooney
83%
2011 Collingwood Dane Swan
83%
2021 Port Adelaide Ollie Wines
83%
2012 Hawthorn Sam Mitchell
83%
2002 Brisbane Simon Black
83%
2018 Hawthorn Tom Mitchell
83%
2006 Sydney Adam Goodes
75%
2003 Sydney Adam Goodes
75%
2005 West Coast Ben Cousins
75%
2001 Brisbane Jason Akermanis
75%
2007 Geelong Jimmy Bartel
75%
2014 West Coast Matt Priddis
75%
2012 Richmond Trent Cotchin
75%
2003 Adelaide Mark Ricciuto
67%
2003 Collingwood Nathan Buckley
67%
2000 Melbourne Shane Woewodin
58%
No matching quizzes found
Score Distribution
Percent of People with Each Score
Percentile by Number Answered
Your Score History
You have not taken this quiz since the last reset